| 000 | 01409 a2200241 4500 | ||
|---|---|---|---|
| 003 | Nust | ||
| 005 | 20170207154034.0 | ||
| 010 | _a 00025836 | ||
| 020 | _a076681825X (core test : pbk. : alk. paper) | ||
| 020 | _a0766818268 (IG : pbk. : alk. paper) | ||
| 040 | _cNust | ||
| 082 | 0 | 0 | _a621.36/92 |
| 100 | 1 | _aHayes, Jim, | |
| 245 | 1 | 0 |
_aFiber optics technician's manual(E-BOOK) _cJim Hayes and the instructors of Fiber U. |
| 250 | _a2nd ed. | ||
| 260 |
_aAustralia ; _aAlbany : _bDelmar Publishers, _cc2001. |
||
| 300 |
_axiii, 242 p. : _bill. ; _c24 cm. |
||
| 505 | _aThe Origins of Fiber Optic Communications (Page-1) Basics of Fiber Optics (Page-13) Fiber Optic Networks (Page-31)Optical Fiber Cables (Page-41) Specifying Fiber Optic Cable (Page-57) Fiber Optic Connectors, Splices, and Tools (Page-73) Fiber Optic Hardware (Page-89) Getting Started in Fiber Optics (Page-99) Guidelines for Fiber Optic Design and Installation (Page-105) Cable Plant Link Loss Budget Analysis (Page-111) Fiber Optic Installation Safety (Page-115) Planning the Installation (Page-119) Fiber Optic Cable Plant Documentation (Page-125) Estimating and Bidding Fiber Optic Installation (Page-131) Fiber Optic Cable Pulling (Page-143) Fiber Optic Restoration (Page-153) Fiber Optic Testing (Page-165) | ||
| 650 | 0 | _aFiber optics | |
| 650 | 0 | _aOptical communications | |
| 650 | 0 | _aTelecommunication cables | |
| 651 | _aE-BOOK | ||
| 942 |
_2ddc _cBK |
||
| 999 |
_c192302 _d192302 |
||